000 00716nam a2200289Ia 4500
005 20260324141012.0
008 008 260324s9999 xx 000 0 eng d
020 _a9781315052618
037 _aEBOOK
040 _aCRL
040 _beng
040 _cCRL
041 _2eng
041 _aeng
084 _qCRL
100 _aEvelyn M. O'Reilly
_91206549
245 0 _aDecoding the Cultural Stereotypes About Aging
245 0 _bNew Perspectives on Aging Talk and Aging Issues
260 _bTaylor and Francis
260 _c1998
365 _a
365 _b240
856 _uhttp://www.taylorfrancis.com/books/9781315052618
942 _cEBOOK
999 _c1809188
_d1809188